01310nam a22002891 450000100060000000300080000600500170001400800390003103500190007003500180008904000440010704100080015108200200015924500410017925000180022026000400023830000240027850003530030250000720065550400200072765000370074771000320078471000360081694200120085299900170086495201390088116236BD-RjUL20211209000001.0140213s1957 nyu 001 0 eng a(BD-RjUL)16291 a(OCoLC)638957 aDLCcOClWdOCoLCdWUdDLCdBD-RjULbeng aeng a070.5bBOW 195700aBowker lectures on book publishing / aCollected ed. aNew York :bR.R. Bowker Co.,c1957. ax, 389 p. ;c24 cm. aIncludes biographical notes about the lecturers: Frederick A. Stokes, Alfred Harcourt, Frederick S. Crofts, Frank E. Compton, Elmer Davis, Ann Watkins, James S. Thompson, Helmuth Bay, Joseph A. Brandt, Louise Seaman Bechtel, Dorothy Canfield Fisher, Ken McCormick, Luther H. Evans, Edward A. Weeks, Jr., Irwin Edman, Freeman Lewis, and Dan M. Lacy. aReprint of the first seventeen Bowker memorial lectures, 1935-1956. aIncludes index. 0aPublishers and publishing9502242 aR.R. Bowker Company.9502252 aNew York Public Library.950226 2ddccBK c16236d16236 00102ddc40718NFICaRUCLbRUCLcReadingd1965-04-22eZeitlingerg45.00l0o070.5 BOW 1957r2014-02-13 00:00:00tC-1w2014-02-13yBK